[Event "MAS-ch Challengers"]
[Site "Pontian"]
[Date "2024.04.24"]
[Round "6"]
[White "Wee, Yin Lin"]
[Black "Khoo, Ian Kit"]
[Result "1-0"]
[WhiteElo "1721"]
[BlackElo "1567"]
[PlyCount "77"]
[EventDate "2024.04.21"]
[EventType "swiss"]
[EventRounds "9"]
[EventCountry "MAS"]
[SourceTitle "EXT 2025"]
[Source "ChessBase"]
[SourceDate "2024.10.14"]
[SourceVersion "1"]
[SourceVersionDate "2024.10.14"]
[SourceQuality "1"]

1. Nf3 d5 2. c4 d4 3. g3 c5 4. e3 Nc6 5. exd4 cxd4 6. d3 g6 7. Bg2 Bg7 8. 0-0 Nf6 9. a3 a5 10. Re1 0-0 11. Ne5 Nxe5 12. Rxe5 Nd7 13. Rb5 Qc7 14. Nd2 Ra7 15. b4 axb4 16. Rxb4 Nc5 17. Ne4 b6 18. Rab1 Ra6 19. Qe2 Bf5 20. Nxc5 bxc5 21. Rb7 Qd6 22. h3 Re8 23. g4 Bc8 24. R7b3 Qc7 25. Qb2 Re6 26. Bd2 Be5 27. a4 h5 28. g5 Bf4 29. a5 Bxd2 30. Qxd2 Ra6 31. Rb6 e5 32. Bd5 Ra7 33. Rxg6+ Kf8 34. Rf6 Qd8 35. Qe2 Be6 36. Bxe6 Rxe6 37. Qxh5 Qd6 38. Qh8+ Ke7 39. Rb8 1-0